Capitales d'Europe (Pays d'europe)- Carte Quiz - Statistiques

Statistiques générales
  • Ce quiz a été pris 162 fois
  • Le résultat moyen est 27 sur 44
Réponses sur la Carte
Les réponses sont colorées sur une échelle allant du rouge au vert en fonction du pourcentage des utilisateurs qui les ont devinées à leur premier essai. Vous pouvez retrouver ces pourcentages ci-dessous.
 
Statistiques - réponses
Réponse % Correct
Lisbonne (Portugal)
86%
Paris (France)
86%
Madrid (Espagne)
83%
Londres (Royaume-uni)
82%
Dublin (Irlande)
81%
Monaco (Monaco)
81%
Amsterdam (Pays-bas)
79%
Bruxelles (Belgiques)
78%
Andorre-la-Vieille (Andorre)
75%
Luxembourg (Luxembourg)
75%
Berne (Suisse)
72%
Moscou (Russie)
72%
Athènes (Grèce)
71%
Berlin (Allemagne)
71%
La Valette (Malte)
70%
Kiev (Ukraine)
68%
Rome/Vatican (Italie/ Cité du Vatican)
68%
Reykjavik (Islande)
66%
Helsinki (Finlande)
64%
Saint-Marin (Saint-Marin)
64%
Oslo (Norvège)
63%
Varsovie (Pologne)
63%
Stockholm (Suède)
62%
Vienne (Autriche)
60%
Copenhague (Danemark)
59%
Zagreb (Croatie)
58%
Bucarest (Roumanie)
57%
Minsk (Biélorussie)
57%
Vilnius (Lituanie)
57%
Tallinn (Estonnie)
56%
Chișinău (Moldavie)
54%
Prague (République tchèque)
54%
Riga (Lettonie)
54%
Budapest (Hongrie)
52%
Vaduz (Liechtenstein)
51%
Belgrade (Serbie)
48%
Sofia (Bulgarie)
47%
Ljubljana (Slovenie)
46%
Sarajevo (Bosnie-Herzégovine)
45%
Skopje (Macédoine)
44%
Tirana (Albanie)
44%
Bratislava (Slovaquie)
42%
Pristina (Kosovo)
42%
Podgorica (Monténégro)
39%
Aucun quiz correspondant
Distribution des résultats
% des personnes avec chaque résultat
Percentile par nombre de réponses
Votre historique - résultats
Vous n’avez pas pris ce quiz